ბათუმის შოთა რუსთაველის სახელმწიფო უნივერსიტეტის ბიბლიოთეკა

ქართველურ ენათა სტრუქტურის საკითხები. ტ. 2 (ბიბ.ჩანაწერი № 51102)

000 -LEADER
fixed length control field 01158nam a2200241Ia 4500
001 - CONTROL NUMBER
control field 18059
003 - CONTROL NUMBER IDENTIFIER
control field GE_BSU
008 - FIXED-LENGTH DATA ELEMENTS--GENERAL INFORMATION
fixed length control field 181216s||||||||xx |||||||||||||| ||und||
040 ## - CATALOGING SOURCE
Transcribing agency GE_BSU
080 ## - UNIVERSAL DECIMAL CLASSIFICATION NUMBER
Universal Decimal Classification number 811.353(058)
245 ## - TITLE STATEMENT
Title ქართველურ ენათა სტრუქტურის საკითხები. ტ. 2
245 ## - TITLE STATEMENT
Remainder of title კრებული
245 ## - TITLE STATEMENT
Statement of responsibility, etc. რედ. ვ. თოფურია. ა. მარტიროსოვი
250 ## - EDITION STATEMENT
Edition statement საქ. სსრ მეცნ. აკად., ენათმეცნიერების ინ-ტი
260 ## - PUBLICATION, DISTRIBUTION, ETC.
Place of publication, distribution, etc. თბილისი
260 ## - PUBLICATION, DISTRIBUTION, ETC.
Name of publisher, distributor, etc. საქ. სსრ მეცნ. აკად. გამ-ბა
260 ## - PUBLICATION, DISTRIBUTION, ETC.
Date of publication, distribution, etc. 1961
300 ## - PHYSICAL DESCRIPTION
Extent 286 გვ. 26სმ.
520 ## - SUMMARY, ETC.
Summary, etc. ეძღვნება საქართველოში საბჭოთა ხელისუფლების დამყარების 40 წლისთავს
653 ## - INDEX TERM--UNCONTROLLED
Uncontrolled term ქართველურ ენათა სტრუქტურის საკითხები
653 ## - INDEX TERM--UNCONTROLLED
Uncontrolled term ქართველური ენები
942 ## - ADDED ENTRY ELEMENTS (KOHA)
Koha item type წიგნი
ეგზემპლარები
Withdrawn status Lost status Damaged status Not for loan Date acquired Barcode Date last seen Price effective from Koha item type
        2018-12-17 46037 2018-12-17 2018-12-17 წიგნი
        2018-12-17 46038 2018-12-17 2018-12-17 წიგნი